000
00272nam a2200109Ia 4500
008
190216s9999||||xx |||||||||||||| ||und||
100
_a
British Red Cross Society
245
0
_a
First Aid Manual
260
_b
"Dorling Kindersley , London"
650
_a
English
942
_c
BK
999
_c
13477
_d
13477